Great Athlete by Country - Africa - Statistics

General Stats
  • This quiz has been taken 13 times
  • The average score is 29 of 54
Answer Stats
Athlete Sport Country % Correct
Samuel Eto'o Soccer Cameroon
100%
Mohamed Salah Soccer Egypt
100%
Didier Drogba Soccer Ivory Coast
100%
Haile Gebrselassie Track and Field Ethiopia
91%
Pierre-Emerick Aubameyang Soccer Gabon
91%
Hicham El Guerrouj Track and Field Morocco
91%
Hakeem Olajuwon Basketball Nigeria
91%
Sadio Mane Soccer Senegal
91%
Dikembe Mutombo Basketball Democratic Republic of the Congo
82%
George Weah Soccer Liberia
82%
Noureddine Morceli Track and Field Algeria
73%
Kwame Ayew Soccer Ghana
73%
Ali Mabrouk El Zaidi Track and Field Libya
73%
Serge Ibaka Basketball Republic of the Congo
73%
Kirsty Coventry Swimming Zimbabwe
73%
Ze Luis Soccer Cape Verde
64%
Eliud Kipchoge Track and Field Kenya
64%
Frankie Fredericks Track and Field Namibia
64%
Luol Deng Basketball South Sudan
64%
Mohammed Gammoudi Track and Field Tunisia
64%
Hussein Ahmed Salah Track and Field Djibouti
55%
Zersenay Tadese Track and Field Eritrea
55%
Holder da Silva Track and Field Guinea-Bissau
55%
Jean-Louis Ravelomanantsoa Track and Field Madagascar
55%
Maria Mutola Track and Field Mozambique
55%
Stephane Sessegnon Soccer Benin
45%
Geoffrey Kondogbia Soccer Central African Republic
45%
Kassim Abdallah Soccer Comoros
45%
Jaysuma Saidy Ndure Track and Field Gambia
45%
Salif Keita Soccer Mali
45%
Abubaker Kaki Khamis Track and Field Sudan
45%
Joshua Cheptegei Track and Field Uganda
45%
Godfrey Chitalu Soccer Zambia
45%
Fernando Peyroteo Soccer Angola
36%
Letsile Tebogo Track and Field Botswana
36%
Ezechiel N'Douassel Soccer Chad
36%
Eric Moussambani Swimming Equatorial Guinea
36%
Mosito Lehata Track and Field Lesotho
36%
Cheikh Moulaye Ahmed Soccer Mauritania
36%
Aminatou Seyni Track and Field Niger
36%
Adrien Niyonshuti Cycling Rwanda
36%
Abdi Bile Track and Field Somalia
36%
Kossi Agassa Soccer Togo
36%
Hugues Fabrice Zango Track and Field Burkina Faso
27%
Venuste Niyongabo Track and Field Burundi
27%
Pascal Feindouno Soccer Guinea
27%
Young Chimodzi Soccer Malawi
27%
Bruno Julie Boxing Mauritius
27%
Luis Leal Soccer Sao Tome and Principe
27%
Felicity Passon Swimming Seychelles
27%
Jacques Kallis Cricket South Africa
27%
Filbert Bayi Track and Field Tanzania
27%
Sibusiso Matsenjwa Track and Field Eswatini
18%
Mohamed Kallon Soccer Sierra Leone
18%
No matching quizzes found
Score Distribution
Percent of People with Each Score
Percentile by Number Answered
Your Score History
You have not taken this quiz